000 00430nam a2200145 i 4500
001 bg
100 1 _aKOLKA, Władysław
245 0 _aZadania z wybranych działów fizyki.
_nCz. 2,
_pElementy fizyki atomowej i fizyki ciała stałego /
_cWładysław Kolka, Andrzej Bujko.
260 _aGdańsk,
_c1978.
700 1 _aBUJKO, Andrzej
040 _cBPK
041 _apol
942 _cKS
008 s pl f |000 0 pol
999 _c18769
_d18769
856 _uhttp://koha.tu.koszalin.pl/cgi-bin/koha/opac-detail.pl?biblionumber=18769
_yKatalog online BPK